Obras completas de Alfonso Reyes. XVII /
Guardat en:
| Autor principal: | |
|---|---|
| Format: | Electrònic eBook |
| Idioma: | espanyol |
| Publicat: |
Ciudad de México :
Fondo de Cultura Económica,
2024.
|
| Edició: | Primera edición en libro electrónico. |
| Col·lecció: | Letras mexicanas.
|
| Matèries: | |
| Accés en línia: | Digitalia Hispánica |
| Etiquetes: |
Afegir etiqueta
Sense etiquetes, Sigues el primer a etiquetar aquest registre!
|
MARC
| LEADER | 00000nam a2200000 i 4500 | ||
|---|---|---|---|
| 001 | DIGFCE2528 | ||
| 003 | NyNyDIG | ||
| 007 | cr ||||||||||| | ||
| 008 | 240705t20241965mx a ob 001 e spa d | ||
| 006 | m o d | ||
| 035 | |a (OCoLC)1444058014 | ||
| 040 | |a DGITA |b eng |e rda |e pn |c DGITA | ||
| 020 | |a 9786071682338 |q (ePub) | ||
| 020 | |a 9786071682376 |q (mobi) | ||
| 020 | |z 9789681613976 |q (rústico) | ||
| 050 | 1 | 4 | |a PQ7297.R386 ebook |
| 100 | 1 | |a Reyes, Alfonso, |d 1889-1959, |e author. | |
| 245 | 1 | 0 | |a Obras completas de Alfonso Reyes. |n XVII / |c Alfonso Reyes. |
| 250 | |a Primera edición en libro electrónico. | ||
| 264 | 1 | |a Ciudad de México : |b Fondo de Cultura Económica, |c 2024. | |
| 264 | 4 | |c ©1965 | |
| 300 | |a 1 online resource : |b illustrations. | ||
| 336 | |a text |b txt |2 rdacontent | ||
| 337 | |a computer |b c |2 rdamedia | ||
| 338 | |a online resource |b cr |2 rdacarrier | ||
| 347 | |a text file |2 rdaft | ||
| 347 | |b EPUB | ||
| 490 | 1 | |a Letras mexicanas | |
| 504 | |a Includes bibliographical references and index. | ||
| 588 | 0 | |a Online resource; title from ePub title page (Digitalia, viewed July 5, 2024) | |
| 655 | 7 | |a Essays. |2 lcgft | |
| 700 | 1 | 2 | |i Container of (work): |a Reyes, Alfonso, |d 1889-1959. |t Héroes. |
| 700 | 1 | 2 | |i Container of (work): |a Reyes, Alfonso, |d 1889-1959. |t Junta de sombras. |
| 791 | 2 | |a Digitalia (Firm), |e distributor. | |
| 793 | 0 | |g Digitalia eBook Collection: |a Fondo de Cultura Económica | |
| 776 | 0 | 8 | |i Print version: |a Reyes, Alfonso, 1889-1959. |t Obras completas de Alfonso Reyes. XVII. |b Primera edición, segunda reimpresión, 1997. |d Ciudad de México : Fondo de Cultura Económica, [1965] |z 9789681613976 |
| 830 | 0 | |a Letras mexicanas. | |
| 856 | 4 | 0 | |3 Digitalia Hispánica |u https://digitalia.unach.elogim.com/a/156464/ |
| 910 | |a Premium collection: 2024 | ||